Geography General Knowledge (Mega Edition) - Statistics

General Stats
  • This quiz has been taken 110 times
  • The average score is 37 of 50
Answer Stats
Question Answer % Correct
What country gifted the Statue of Liberty to the United States? France
98%
What nation is completely enclosed within the borders of South Africa? Lesotho
94%
What is the currency of Mexico? Peso
94%
What is the capital city of Bulgaria? Sofia
94%
Which Southeast Asian country was formerly known as Siam? Thailand
92%
What country lies between France and Spain? Andorra
91%
What is the largest island in the Caribbean by land area? Cuba
91%
Iguazu Falls straddles the border of Argentina and what country? Brazil
90%
What is the capital city of Pakistan? Islamabad
90%
The Suez Canal links the Mediterranean Sea and what other body of water? Red Sea
90%
What is the name of the nation off the southern coast of India? Sri Lanka
90%
Where would you find Mount Kilimanjaro? Tanzania
90%
What nation's capital is Tallinn? Estonia
89%
Easter Island, in the South Pacific, is part of which nation's territory? Chile
88%
Which U.S. state has the longest coastline? Alaska
87%
What country borders Argentina, Bolivia and Brazil? Paraguay
87%
What is the capital of Saudi Arabia? Riyadh
86%
Uluru, or Ayers Rock, is a sandstone monolith located in the center of... Australia
85%
The Bosporus Strait divides what major city? Istanbul
85%
What is the capital of Nepal? Kathmandu
85%
What is the capital city of Morocco? Rabat
85%
What was once the capital of Japan? Kyoto
84%
What is the nation located off the southern tip of the Malay Peninsula? Singapore
83%
What country borders Azerbaijan, Georgia, Iran and Turkey? Armenia
82%
What country has the deepest freshwater lake? Russia
80%
What is the longest continental mountain range in the world? Andes
78%
What region in Southern California is considered to be the hottest place on Earth? Death Valley
78%
What city was once known as Saigon Ho Chi Minh City
78%
What city is the Taj Mahal located in? Agra
77%
What landlocked country is found between Ukraine and Romania? Moldova
77%
The ancient city of Carthage lies in the suburbs of what modern-day capital? Tunis
76%
What city is the "Running of the Bulls" festival most famously held in? Pamplona
75%
The Nile River is primarily fed by what lake? Lake Victoria
74%
The Pan-American Highway stretches from Alaska to what South American country? Argentina
69%
Giant's Causeway is a geological marvel located in what country? United Kingdom
66%
The historic Inca Trail ends at what famous citadel? Machu Picchu
65%
What country is famous for its thermal Blue Lagoon? Iceland
62%
Where are the Dolomites located? Italy
62%
What is the region of volcanos surrounding the Pacific Ocean sometimes referred as? Ring of Fire
61%
The River Liffey runs through what European city? Dublin
60%
In what city would you find the Winter Palace? St. Petersburg
56%
The Doge's Palace is located in what city? Venice
54%
What is the currency of Brazil? Real
52%
The historic Silk Road city of Samarkand is located in what country? Uzbekistan
52%
Latitude 23.5° N is commonly referred to as the... Tropic of Cancer
49%
What is the second-largest island in Hawaii? Maui
48%
"The Bund" waterfront plaza is a popular landmark in what city? Shanghai
48%
The Great Mosque of Djenné, the largest mud-brick building in the world, is found in what country? Mali
40%
Which Chinese city is home to roughly a third of captive pandas in the world? Chengdu
29%
What river winds through Madrid? Manzanares
12%
No matching quizzes found
Score Distribution
Percent of People with Each Score
Percentile by Number Answered
Your Score History
You have not taken this quiz